| 000 | 00662nam a2200229Ia 4500 | ||
|---|---|---|---|
| 003 | GCL | ||
| 008 | 140319s9999 xx 000 0 ara d | ||
| 040 |
_aGCL / _cGCL |
||
| 082 | 0 | 4 |
_a810.9 _bع م |
| 100 | 1 | _aعبداللطيف حمزة | |
| 245 | 1 | 0 |
_aابن المقفع / _cعبداللطيف حمزة |
| 260 |
_a[S.N] : _bدار الفكر العربى ، _c1965 |
||
| 300 | _a254 ص | ||
| 490 | _a | ||
| 650 | 0 | 4 | _aالشعر العربى |
| 650 | 0 | 4 | _aالادب العربى |
| 650 | 0 | 4 | _aالنثر العربى |
| 650 | 0 | 4 | _aالرسائل الادبية |
| 650 | 0 | 4 | _aابن المقفع |
| 650 | 0 | 4 | _aتاريخ ونقد |
| 942 |
_2ddc _cBK |
||
| 999 |
_c32428 _d32428 |
||